| 000 | 00758nam a2200265Ia 4500 | ||
|---|---|---|---|
| 003 | OSt | ||
| 005 | 20220926034506.0 | ||
| 006 | a|||||r|||| 00| 0 | ||
| 007 | ta | ||
| 008 | 220923b |||||||| |||| 00| 0 eng d | ||
| 020 | _a0821362399 | ||
| 037 | _cGeneral Book | ||
| 040 |
_aRTL _cRTL _beng |
||
| 041 |
_2eng _aeng |
||
| 082 | _aX9(J):54.1.P, P6 | ||
| 100 | _aAnderson Kym | ||
| 245 | 0 | _aAgricultural trade reform and the Doha development | |
| 260 |
_aWashington _bWorld Bank _c2006 |
||
| 300 |
_axviii,420p _ccm. |
||
| 490 | _aWorld Bank | ||
| 500 | _aBibliography chapterwise | ||
| 700 |
_a Martin Will Ed. _919245 |
||
| 942 |
_hX9(J):54.1.P, P6 _cGB _2CC |
||
| 999 |
_c659693 _d659693 |
||